00282nam a2200109Ia 4500008004000000082001600040100001700056245004000073260003000113300000800143650002100151210210b1986 xxu||||| |||| 00| 0 eng d a820.33 DASS aDAS (Manoj). aSubmerged valley and other stories. aU KbBatstone Booksc1986 a159 aSubmerged Valley